<?xml version="1.0" encoding="UTF-8"?>
<marc:record xmlns:marc="http://www.loc.gov/MARC21/slim">
   <marc:leader>00000nam a2200000 a 4500</marc:leader>
   <marc:datafield ind1="1" ind2=" " tag="100">
      <marc:subfield code="a">Eschbach, Andreas</marc:subfield>
      <marc:subfield code="4">aut</marc:subfield>
      <marc:subfield code="e">Verfasser/-in</marc:subfield>
   </marc:datafield>
   <marc:datafield ind1="1" ind2=" " tag="100">
      <marc:subfield code="a">Koeberlin, Matthias</marc:subfield>
      <marc:subfield code="4">stl</marc:subfield>
      <marc:subfield code="e">Erzähler/-in</marc:subfield>
   </marc:datafield>
   <marc:datafield ind1="0" ind2="0" tag="245">
      <marc:subfield code="a">Teufelsgold</marc:subfield>
   </marc:datafield>
   <marc:datafield ind1="0" ind2="0" tag="245">
      <marc:subfield code="c">Andreas Eschbach</marc:subfield>
   </marc:datafield>
   <marc:datafield ind1=" " ind2="1" tag="264">
      <marc:subfield code="a">Köln</marc:subfield>
      <marc:subfield code="b">Lübbe Audio</marc:subfield>
      <marc:subfield code="c">2016</marc:subfield>
   </marc:datafield>
   <marc:datafield ind1="1" ind2=" " tag="520">
      <marc:subfield code="a">Angaben aus der Verlagsmeldung

Teufelsgold : Thriller. / von Andreas Eschbach

Nach dem Ende der Kreuzzüge taucht er das erste Mal auf: der Stein der Weisen, mit dem man Gold machen kann - gefährliches Gold, radioaktives Gold. Der Stein erscheint, als ein Alchimist Gott verflucht, und er zieht eine Spur der Verwüstung durch Europa. Die Deutschordensritter erklären es zu ihrer geheimen neuen Aufgabe, ihn zu finden und sicher zu verwahren. Für alle Ewigkeit. Doch in unserer Zeit kommen zwei Brüder, die unterschiedlicher kaum sein könnten, dem wahren Geheimnis des Steins auf die Spur: Er ist ein Schlüssel - ein Schlüssel, der unser aller Leben zum Guten hin verändern könnte. Oder öffnet er die Pforten der Hölle?
</marc:subfield>
   </marc:datafield>
   <marc:datafield ind1=" " ind2=" " tag="020">
      <marc:subfield code="a">9783785753514</marc:subfield>
      <marc:subfield code="9">9783785753514</marc:subfield>
   </marc:datafield>
   <marc:datafield ind1=" " ind2=" " tag="020">
      <marc:subfield code="a">3785753519</marc:subfield>
      <marc:subfield code="9">3785753519</marc:subfield>
   </marc:datafield>
   <marc:datafield ind1="0" ind2=" " tag="490">
      <marc:subfield code="v">0</marc:subfield>
   </marc:datafield>
   <marc:datafield ind1=" " ind2=" " tag="300">
      <marc:subfield code="a">8 CDs</marc:subfield>
   </marc:datafield>
</marc:record>
